Catalog

Record Details

Catalog Search



Jak vychovat dobrého člověka : všímavé rodičovství  Cover Image Book Book

Jak vychovat dobrého člověka : všímavé rodičovství / Hunter Clarke-Fields ; z anglického originálu Raising good humans ... přeložila Eva Klimentová

Record details

  • ISBN: 978-80-262-2126-5
  • Physical Description: 205 stran : ilustrace ; 20 cm
  • Edition: Vydání první
  • Publisher: Praha : Portál, 2024

Content descriptions

Bibliography, etc. Note:
Obsahuje bibliografii
Subject: všímavost
rodičovství
výchova dítěte
komunikační dovednosti
management konfliktů
mindfulness
parenting
child rearing
communication skills
conflict management
Genre: populárně-naučné publikace
popular works

Available copies

  • 1 of 1 copy available at Common Catalog SPOK.

Holds

  • 0 current holds with 1 total copy.
Show Only Available Copies
Location Call Number / Copy Notes Barcode Shelving Location Status Due Date
Jabok Library Ped-7.2.1/C 424480046663 Odborná literatura Available -

LDR 01903nam a2200541 i 4500
00158163
003CZ-PrJAB
00520241108111848.0
007ta
008240319s2024 xr a e f 000 0 cze
015 . ‡acnb003582704
020 . ‡a978-80-262-2126-5 ‡q(brožováno)
035 . ‡a(CZ PrNK)nkc20243582704
035 . ‡a(OCoLC)1455302299
040 . ‡aABA001 ‡bcze ‡dOLA001 ‡erda
0411 . ‡acze ‡heng
072 7. ‡a37 ‡xVýchova a vzdělávání ‡2Konspekt ‡922
080 . ‡a159.952.4+159.923.2 ‡2MRF
080 . ‡a173.5-055.52 ‡2MRF
080 . ‡a37.015.311-053.2 ‡2MRF
080 . ‡a316.77:81'42 ‡2MRF
080 . ‡a316.485.6 ‡2MRF
080 . ‡a(0.062) ‡2MRF
1001 . ‡aClarke-Fields, Hunter ‡7pna20241224845 ‡4aut
24010. ‡aRaising good humans. ‡lČesky
24510. ‡aJak vychovat dobrého člověka : ‡bvšímavé rodičovství / ‡cHunter Clarke-Fields ; z anglického originálu Raising good humans ... přeložila Eva Klimentová
250 . ‡aVydání první
264 1. ‡aPraha : ‡bPortál, ‡c2024
300 . ‡a205 stran : ‡bilustrace ; ‡c20 cm
336 . ‡atext ‡btxt ‡2rdacontent
337 . ‡abez média ‡bn ‡2rdamedia
338 . ‡asvazek ‡bnc ‡2rdacarrier
504 . ‡aObsahuje bibliografii
65007. ‡avšímavost ‡7ph917178 ‡2czenas
65007. ‡arodičovství ‡7ph138908 ‡2czenas
65007. ‡avýchova dítěte ‡7ph127420 ‡2czenas
65007. ‡akomunikační dovednosti ‡7ph180925 ‡2czenas
65007. ‡amanagement konfliktů ‡7ph205090 ‡2czenas
65009. ‡amindfulness ‡2eczenas
65009. ‡aparenting ‡2eczenas
65009. ‡achild rearing ‡2eczenas
65009. ‡acommunication skills ‡2eczenas
65009. ‡aconflict management ‡2eczenas
655 7. ‡apopulárně-naučné publikace ‡7fd131864 ‡2czenas
655 9. ‡apopular works ‡2eczenas
7001 . ‡aKlimentová, Eva, ‡d1962- ‡7js20020304030 ‡4trl
910 . ‡aABG312
995 . ‡aska
901 . ‡a58163 ‡bAUTOGEN ‡c58163 ‡tbiblio

Additional Resources